000 01102nam a22002057a 4500
005 20120214164621.0
020 _a8181461347
_c65.00
082 _a
100 _aरघुनाथ, जीवा
_941976
245 _aगड़गड़ गुडुगुडु /
_cजीवा रघुनाथ;जयंति मनोकरन द्वारा चित्रांकित;संध्या राव द्वारा अनुदित
260 _aचैन्नई
_bतूलिका पब्लिशिंग
_c2005
270 _a13 पृथ्वी ऐवन्यू, अभिरमपुरम
_bचैन्नई
_e600018
300 _aअ.पृ.
_bसचित्र
_c22सेमी (अजिल्द)
500 _aतमिलनाड की एक लोक कथा
700 _aजयंति मनोकरन
_941870
700 _941871
_aराव, संध्या
700 _941872
942 _2ddc
_cCH
_h
_mजीवार
999 _c62769
_d62769